| 000 | 02280nam0a22003371 4500 | ||
|---|---|---|---|
| 001 | v19\rc\2113457 | ||
| 005 | 20260210174425.0 | ||
| 035 | _a(NLR Aleph) 005183565 | ||
| 090 |
_a5148493 _c5148493 |
||
| 100 | _a20090914d1803 u y0rusy50 ca | ||
| 101 | 0 | _arus | |
| 102 | _aRU | ||
| 140 | _ay y ga yaa0000 | ||
| 200 | 1 |
_aКраткая российская история, _eв пользу и употребление российскаго юношества, _fиз достовернейших российских писателей собранная и напечатанная иждивением И. Новикова |
|
| 210 |
_aМосква _cв Университетской типографии, у Любия, Гария и Попова _d1803 |
||
| 215 |
_a[2], 72 с., [2] л табл. _d8° (19 см) |
||
| 300 | _aЦенз.: Моск. ценз. (тит. л.) | ||
| 316 |
_aЭкз. РНБ (18.11.3.70) в розовой бумаж. обл. На 1-й с. обл. ярлык с шифром РНБ. Бумага на корешке утрачена. На корешке бумаж. наклейка. На 2-й с. обл. ярлык с шифром РНБ и владельч. запись "Из книг Николай [нрзб] 1807". На 3-й с. обл. владельч. запись нрзб 1807 г. На тит. л., с.3, 15 и 33 владельч. скрепа "Из книг Николай [нрзб]". На тит. л., с.33, 72 и на двух л. табл. круглый штамп ГПБ. _5NLR: 18.11.3.70 |
||
| 321 | 1 | _aСК 1801-1825 5755 | |
| 620 | _aМосква | ||
| 700 | 1 |
_4723 _7ca _8rus _aНовиков _bИ. _cучитель, франц. и рус. яз. _gИван _92696556 _3RU\NLR\AUTH\770289833 |
|
| 702 | 1 |
_aЛюбий _bФ. _gФедор _4610 |
|
| 702 | 1 |
_aГарий _bЕ. М. _gЕгор М _4610 |
|
| 702 | 1 |
_4610 _aПопов _bИ. В. _cлитератор, издатель _fок.1770-1839 _gИван Васильевич _9238003 _3RU\NLR\AUTH\770238059 |
|
| 712 | 0 | 2 |
_4610 _aМосковский университет _bТипография _9361140 _3RU\NLR\AUTH\889932963 |
| 801 | 0 |
_aRU _bNLR _gpsbo |
|
| 801 | 1 |
_aRU _bProSoft-M _2rusmarc |
|
| 852 |
_aNLR _j18.11.3.70 |
||
| 942 | _cUNSPEC | ||
| 980 | _aNB | ||